|
|
|
|
| LEADER |
01825nam a2200313 a 4500 |
| 001 |
GR-Patra22274 |
| 008 |
070713s2001 gr g b 000 0 gre d |
| 020 |
|
|
|a 9603789642
|
| 040 |
|
|
|a GrPaTEI
|b gre
|c GR-PaULI
|
| 040 |
|
|
|a GrPaTEI
|b gre
|c GR-PaULI
|
| 082 |
|
0 |
|a 150.195
|2 21
|
| 100 |
1 |
|
|a Brenner, Charles,
|d 1913-2008.
|
| 245 |
1 |
0 |
|a Στοιχειώδεσ εγχειρίδιο ψυχανάλυσης /
|c Charles Brenner ; Απόδοση στα ελληνικά, εισαγωγή-Σχόλια-Επιλεγόμενα, Βιογραφικό σχεδίασμα και Εργογραφία Σ. Φρόυντ: Ι.Ε. Σταθάκης.
|
| 260 |
|
|
|a Αθήνα :
|b Πατάκη,
|c c2001
|
| 300 |
|
|
|a 391 σ.
|
| 490 |
1 |
|
|a Βιβλιοθεραπεία
|
| 500 |
|
|
|a Τίτλος πρωτοτύπου: An elementary text book of psychoanalysis
|
| 504 |
|
|
|a Περιλαμβάνει βιβλιογραφικές αναφορές (σ.387-391).
|
| 650 |
|
4 |
|a ΨΥΧΑΝΑΛΥΣΗ
|
| 650 |
|
4 |
|a Ψυχολογία
|
| 700 |
1 |
|
|a Σταθάκης, Ι.Ε.
|
| 710 |
0 |
|
|a Πατάκης
|
| 830 |
|
0 |
|1 00112456
|1 2001
|a Βιβλιοθεραπεία
|
| 942 |
|
|
|2 ddc
|
| 952 |
|
|
|0 0
|1 0
|2 ddc
|4 0
|6 150_195000000000000_BRE
|7 0
|9 302388
|a LISK
|b LISK
|c BSC
|d 2021-01-17
|e 24
|f 0
|g 0.00
|l 0
|o 150.195 BRE
|p 92410031981
|r 2021-01-17 00:00:00
|t 1
|w 2021-01-17
|y BK15
|x 20070713 0 1
|x GrPaTEI
|
| 952 |
|
|
|0 0
|1 0
|2 ddc
|4 0
|6 150_195000000000000_BRE
|7 0
|9 302389
|a LISK
|b LISK
|c BSC
|d 2021-01-17
|e 24
|f 0
|g 0.00
|l 2
|o 150.195 BRE
|p 92410031982
|r 2023-04-28 00:00:00
|s 2023-03-20
|t 1
|w 2021-01-17
|y BK15
|x 20070713 0 1
|x GrPaTEI
|
| 952 |
|
|
|0 0
|1 0
|2 ddc
|4 0
|6 150_195000000000000_BRE
|7 1
|9 302390
|a LISK
|b LISK
|c BSC
|d 2021-01-17
|e 24
|f 0
|g 0.00
|l 0
|o 150.195 BRE
|p 92410031983
|r 2021-01-17 00:00:00
|t 1
|w 2021-01-17
|y BKN
|x 20070713 0 0
|x GrPaTEI
|
| 971 |
|
|
|a .b2669847x
|b 01-07-20
|c 26-09-16
|
| 999 |
|
|
|c 175724
|d 175724
|